000 00842nam a2200229 a 4500
005 20221209063516.0
008 090625s2006 mx r 000 0 spa d
035 _aUPN01000171492
049 _aCG
050 4 _aHN113.5
_bD4.7
245 0 0 _aDescentralización y entrega de servicios para los pobres /
_ced. Marcela Rubio Sánchez ; tr. Claudia F. Esteve.
260 _aMéxico :
_bBanco Mundial,
_c2006.
300 _a2 v. :
_bcuadros, gráfs.
440 0 _aInforme ;
_v35692
500 _aLa biblioteca tiene el volumen 1
505 8 _aContenido:
_gv.1.
_tInforme principal --
_gv.2.
_tDocumentos de antecedente
534 _pTítulo original:
_tDecentralized service delivery for the poor
651 4 _aMéxico
_xPolítica social
_96687
650 4 _aPOBRES -
_zMEXICO
_91194
700 1 _aRubio Sánchez, Marcela,
_eed.
905 _aLibro
999 _c143597
_d143597